=LDR 00000nam 2200000 4500 =001 NUTBA000000000002604 =005 20140623100513.0 =006 =007 =008 =020 ##$$a 978-979-29-1250-0 =035 ##$$0010-061400000000547 =040 ##$$a NBPDMAT =082 ##$$a 368 =090 ##$$a 368 $b Ing b =100 ##$$a Inggrid Tan =245 ##$$a Buku pintar asuransi : $b Harapan terakhir yang tak terduga / $c Inggrid Tan =250 ##$$a Cet.1 =260 ##$$a Yogyakarta : $b Andi, $c 2010 =300 ##$$a x, 86 hlm. ; $c 21 cm. =650 ##$$a Asuransi =850 ##$$a NBPDMAT =990 ##$$a 21403962 =990 ##$$a 0001/BPAP-NTB/2015